000 00645nam a2200205Ia 4500
003 GCL
008 140319s9999 xx 000 0 ara d
020 _a1427291977
040 _aGCL /
_cGCL
082 0 4 _a813.01
_bن ل
100 1 _aنجلاء محمود محرم
245 1 0 _aلأنك لم تعرفى زمن افتقادك /
_cنجلاء محمود محرم
700 1 _aطارق العوضى
250 _aالأولى
260 _aالقاهرة :
_bمركز الحضارة العربية ،
_c2003
300 _a102 ص ؛
_c19 سم
650 0 4 _aالادب العربى
650 0 4 _aالقصص القصيرة
942 _2ddc
_cBK
999 _c7588
_d7588